000 01982nam a2200337 i 4500
999 _c4592
_d4592
001 ocm000053188065
003 AuCNLKIN
005 20250304110606.0
007 ta
008 150114s2014 enk e 000 f eng d
020 _a9781444753646
040 _aSALS
_beng
_cSALS
_erda
_dWWBK
_dCaOL
_dKH8
082 _aFIC RYA
100 1 _aRyan, Chris,
_d1961-
_eauthor.
245 1 0 _aHunter killer /
_cChris Ryan.
264 1 _aLondon :
_bCoronet,
_c2014.
300 _a424 pages ;
_c24 cm.
336 _atext
_2rdacontent.
337 _aunmediated
_2rdamedia.
338 _avolume
_2rdacarrier.
490 1 _aDanny Black ;
_v2.
500 _a"The law of the jungle, London style"--Cover.
520 _aFollowing a suicide bombing in central London, series SAS hero Danny Black is recruited to be part of an assassination squad, directed by a joint MI5/MI6/CIA committee and tasked with hunting down and killing the terrorist cells believed to be planning further atrocities. Early leads take them to a North London mosque and a one-armed hate cleric, whom the Home Secretary repeatedly tries and fails to expel from the country, a sleazy Saudi prince living in a Park Lane Hotel - on the surface a devout Muslim, he devotes himself to booze, drugs and hookers as soon as his family are out of the building - and a grizzled ex-Regiment guy who is spreading rumours that Diana was assassinated by the SAS in the tunnel in Paris because of her Arab lover. The trail of clues takes Danny to a training camp in the Yemen, but just as he has the enemy in his sights, he discovers that they are somehow one step ahead of him, and he begins to suspect that they are being topped off by someone close to home.
610 1 0 _aGreat Britain.
_bArmy.
_bSpecial Air Service
_vFiction.
650 0 _aTerrorists
_vFiction.
650 0 _aTerrorism
_vFiction.
650 7 _aThrillers (Fiction)
_2genre.
651 0 _aLondon (England)
_vFiction.
830 0 _aDanny Black ;
_v2.
942 _2ddc
_cFIC